000 02296nam a2200409 a 4500
999 _c122355
_d122355
003 BLK
005 20250324105153.0
008 180409b bul|||||r ||||||| ||bul||
010 _aKNG00127992000
040 _aBLK
041 _aBUL
_cBUL
072 7 _2bullib
_aК
_xКраезнание
080 _aСредна степен. Регионално управление на области, окръзи, кантони, департаменти, провинции и др.
_b353
_x(497.215)
_z353(497.215)
139 _aИзложение за състоянието на Русенския окръг през 1925 - 1926 година
_bИ 43
245 1 0 _aИзложение за състоянието на Русенския окръг през 1925 - 1926 година
_bПредставено пред Русенския окр. съвет при откриване редовната му сес. през 1927 г. от русенския окр. управител Борис Димев
257 _aBGR
260 _aРусе
_c1927
_fРусе : печ. Учител
300 _a105 с.
_c25 см
380 _a3
500 _aИзд. на Окр. съвет. Русе.
650 7 _aСоциално-икономическо положение - България
_9171549
650 4 _aНародни съвети - България - дейност
_9315805
650 4 _aРусе - стопанско развитие
_9275828
651 4 _aРусе
_9179462
651 4 _aРусенско
_9179464
653 _aокръзи
653 _aместно управление
700 _aДимев, Борис
_9317577
852 _aЦб 3.220.31224
852 _aК 352/354/И 43
_bК
856 4 _qpdf
_i0.00
_lreg users access
_fИзложение за състоянието на Русенския окръг през 1925 - 1926 година
_uhttp://185.138.176.146:18082/cgi-bin/koha/opac-retrieve-file.pl?id=a0526a4fc20224b14f9a34b8d0bc8081
_xebook
_zИзложение за състоянието на Русенския окръг през 1925 - 1926 година
856 4 _qpdf
_i0.00
_ldisable
942 _cKNG
_n0
_s1
_04
944 _aCR
_c25.02.2012
_lХристина Везирева
_k30535
944 _aED
_c2023-04-20
_kКети
999 _d122355